| 000 | 00831nas a2200277 454500 | ||
|---|---|---|---|
| 001 | IICA0700765 | ||
| 003 | BR-BrBNA | ||
| 005 | 20260323111534.0 | ||
| 007 | ta | ||
| 008 | 260323b bl.|||p| |||| 00| 00por d | ||
| 040 |
_aBR-BrBNA _bpor _cBiblioteca Nacional de Agricultura |
||
| 041 | _a(Es) | ||
| 072 | _aC30 | ||
| 100 | 1 | _aClarke, S.D. | |
| 100 | 1 | _aLaing, D. | |
| 245 | 1 | _aCABI en America Latina; propuestas para una colaboracion fortalecida | |
| 300 | _av. 15(2) p. 125-139 | ||
| 650 | _aSISTEMA DE INFORMACAO | ||
| 650 | _aBIBLIOTECA | ||
| 650 | _aBASE DE DADOS | ||
| 650 | _aASSISTENCIA TECNICA | ||
| 650 | _aCOOPERACAO INTERNACIONAL | ||
| 773 | 0 |
_tREVISTA AIBDA (IICA) (IICA) _X0250-3190 _g(Jul-Dec 1994), v. 15(2) p. 125-139 _wIICA0700765 |
|
| 909 |
_a202603 _bLúcia _c55 _dLúcia Elande |
||
| 942 |
_2IICA _n0 _cANA |
||
| 999 |
_c340771 _d340771 |
||